A carregar...

Appam Kittatanalukal

Detalhes bibliográficos
Autor principal: Boll,Heinrich
Formato: Printed Book
Idioma:Malayalam
Publicado em: Current Books, Trichur Current Books 65
LEADER 00423nam a2200121Ia 4500
008 111204s9999 xx 000 0 mal d
100 |a Boll,Heinrich 
245 |a Appam Kittatanalukal  |c /Heinrich Boll 
260 |b Current Books  |a Current Books, Trichur  |c 65 
300 |a 157 
942 |c BK 
999 |c 206476  |d 206476 
952 |0 0  |1 0  |2 ddc  |4 0  |6 S_9R5  |7 0  |9 228325  |a MAL  |b MAL  |c SEC  |d 2011-12-05  |g 7.00  |l 0  |o S9R5  |p MAL16352  |r 2011-12-05  |v 7.00  |w 2011-12-05  |y BK